000 00433nam a22001691a 4500
082 _aM 792.309 2
_bKES/A
100 _aKesavan Kalamandalam
245 _aArangathe athbhutha prathibhaasam/
_cby Kesavan Kalamandalam
260 _b
_c1992.
_a
300 _a155p.
650 _aBiography Kalamandalam Kesavan
650 _aBiography Pantomime Artist
650 _aBiography
650 _aPantomime
650 _aArts
942 _cBK
999 _c2745
_d2745